| 000 | 01341nam a22003497a 4500 | ||
|---|---|---|---|
| 003 | OSt | ||
| 005 | 20230607131418.0 | ||
| 008 | 221006b |||||||| |||| 00| 0 eng d | ||
| 040 | _cBiblioteca Lado V | ||
| 082 |
_a779 _bE96p |
||
| 100 |
_9536 _aExposito, Alberto Martin _edirector |
||
| 245 |
_aPapel Alpha/ _bCuadernos de fotografia/ |
||
| 260 |
_aEdiciones Universidad de Salamanca _c1997 _bEspaña |
||
| 300 |
_c17x24cm _a180p. |
||
| 366 | _espa | ||
| 490 |
_a3 _v1997 _x1136 4831 |
||
| 505 | _tLo que no puede ser visto | ||
| 505 | _tBernd y Hilla Becher o la fotografía monumentaria | ||
| 505 | _tLa fotografía europea en una época de ansiedad | ||
| 505 | _tFuera de los Limites | ||
| 505 | _tEl inconsciente virtual en la post-fotografia | ||
| 505 | _tLa fotografía como vector de la experiencia | ||
| 505 | _tDirk Braeckman | ||
| 505 | _tPor que los bogavantes son mas bellos cuando están cocidos. Fotografía y Literatura | ||
| 505 | _tENGLISH TRANSLATION | ||
| 650 |
_2Tesauro de Arte & Arquitectura _aARTE _9703 |
||
| 650 |
_2Tesauro de Arte & Arquitectura _aFOTOGRAFIA _9702 |
||
| 650 |
_2Tesauro de Arte & Arquitectura _aIMAGENES _9702 |
||
| 650 |
_2Tesauro de Arte & Arquitectura _aARTE CONTEMPORANEO |
||
| 700 |
_aNavarreta, Jose Antonio _eeditor |
||
| 942 |
_2ddc _c1 _h779 _iE96p _n0 |
||
| 999 |
_c3811 _d3811 |
||